000 00621nam a2200217Ii 4500
003 JO-AjNU
008 230606s9999||||xx |||||||||||||| ||und||
020 _a978-1-85617-617-0
040 _aJO-AjNU
_beng
_erda
_cJO-AjNU
041 _aeng
050 1 4 _aHF5415.13 .W547 .2009
100 3 _aGilligan,Colin/Richard M. Wiloson,
_eauthor
_91862
245 0 0 _aStrategic Marketing Planning
250 _a2 ed
264 3 1 _aBoston : Butterworth-Heinemann,2009
300 _a552p
336 _atext
_btxt
_2rdacontent
337 _aunmediated
_bn
_2rdamedia
338 _avolume
_bnc
_2rdacarrier
650 4 _a Marketing
_91863
999 _aE981
_c981
_d981